000 02632nam0a2200445 4500
001 RU\NLR\BIBL_A\011717681
005 20180710110053.0
010 _a978-5-7148-0597-4
_9200
021 _aRU
_bКН-П-18-032213
_9КН-П-18-2344
035 _a(NLR Aleph) 011717681
035 _a(RuMoRGB)009621725
090 _a11465381
_c11465381
100 _a20180601d2017 k y0rusy50 ca
101 0 _arus
102 _aRU
105 _ay|||z|||000zy
200 1 _aПрофилактика жестокого обращения с детьми
_eметодическое пособие
_fДепартамент образования и науки Кемеровской области, Кузбасский региональный институт повышения квалификации и переподгототовки работников образования
_g[составители: Л. А. Александрова, кандидат психологическихъ наук и др.]
210 _aКемерово
_cИзд-во КРИПКиПРО
_d2017
215 _a119 с.
_d21
320 _aБиблиогр. в конце тем
606 1 _aНасилие над детьми
_jМетодические пособия
_xПредупреждение
_yРоссийская Федерация
_92599752
_3RU\NLR\AUTH\661536310
606 1 _aНасилие над детьми
_jМетодические пособия
_xСоциально-психологические исследования
_92257498
_3RU\NLR\AUTH\661353778
606 1 _aСоциальные педагоги
_jМетодические пособия
_xМетодика работы с неблагополучными семьями
_92575151
_3RU\NLR\AUTH\661522636
686 _aЮ956-997-734,07
_2rubbk
686 _aЮ984.92,07
_2rubbk
686 _aЧ421,6(2)42,07
_2rubbk
686 _aЧ491,6(2)0,07
_2rubbk
686 1 _aХ628.322.13я7
686 1 _aС550.325.2я7
686 1 _aЮ984.92я7
686 1 _aЧ313.34я7
686 1 _aЧ421.421соц.пед.я7
702 1 _4220
_7ca
_8rus
_aАлександрова
_bЛ. А.
_cканд. психол. наук
_f1967-
_gЛада Анатольевна
_917135
_3RU\NLR\AUTH\7734129
712 0 2 _4570
_aКузбасский региональный институт повышения квалификации и переподготовки работников образования
_cКемерово
_9598376
_3RU\NLR\AUTH\8810049173
942 _cBOOK
980 _aNBR
980 _aNB